[Event "Skakligaen 2023-24"]
[Site "Denmark"]
[Date "2023.12.10"]
[Round "4.6"]
[Board "6"]
[White "Palm, Nikolaj"]
[Black "Borge, Nikolaj"]
[Result "0-1"]
[WhiteElo "2256"]
[BlackElo "2385"]
[PlyCount "108"]
[WhiteTeam "Bronshoj"]
[BlackTeam "Hillerod"]
[WhiteTeamCountry "DEN"]
[BlackTeamCountry "DEN"]
[EventDate "2023.10.28"]
[EventType "team-tourn"]
[EventRounds "9"]
[EventCountry "DEN"]
[SourceTitle "Turneringssystemet"]
[Table "6"]

1. d4 Nf6 2. c4 e6 3. Nc3 Bb4 4. Qc2 O-O 5. a3 Bxc3+ 
6. Qxc3 d5 7. e3 c5 8. dxc5 Ne4 9. Qc2 a5 10. Nf3 Nd7 
11. Be2 Ndxc5 12. O-O Bd7 13. b3 a4 14. bxa4 Bxa4 15. Qb2 Nb3 
16. Rb1 Rc8 17. Bd3 Nec5 18. Be2 dxc4 19. Bxc4 Nd3 20. Bxd3 Qxd3 
21. Nd4 Rc3 22. Qa2 Nxd4 23. exd4 Rc2 24. Qa1 Bc6 25. d5 Bxd5 
26. Qe5 Rxf2 27. Rxf2 Qxb1 28. Rf1 Qc2 29. Qg3 Rc8 30. Be3 Qg6 
31. Qxg6 hxg6 32. Rc1 Ra8 33. Bc5 Bc6 34. Rd1 g5 35. Kf2 Ra5 
36. Bb4 Rf5+ 37. Kg3 Kh7 38. Rd2 Re5 39. Kf2 Re4 40. Be7 Kg6 
41. Bc5 Rc4 42. Bf8 Rc1 43. Rb2 Rh1 44. Bd6 f6 45. h3 e5 
46. Bf8 Rc1 47. Rd2 Rc4 48. Rb2 g4 49. hxg4 Rxg4 50. g3 Rc4 
51. Bb4 Kf5 52. Bf8 Rc3 53. g4+ Kxg4 54. Bxg7 Rxa3 0-1

[Event "Skakligaen 2023-24"]
[Site "Denmark"]
[Date "2023.12.10"]
[Round "4.7"]
[Board "7"]
[White "Ostergaard, Jens"]
[Black "Falkesgaard, Jeppe Hald"]
[Result "1-0"]
[WhiteElo "2227"]
[BlackElo "2199"]
[PlyCount "61"]
[WhiteTeam "Hillerod"]
[BlackTeam "Bronshoj"]
[WhiteTeamCountry "DEN"]
[BlackTeamCountry "DEN"]
[EventDate "2023.10.28"]
[EventType "team-tourn"]
[EventRounds "9"]
[EventCountry "DEN"]
[SourceTitle "Turneringssystemet"]
[Table "7"]

1. d4 d5 2. Nf3 Nf6 3. c4 c6 4. Nc3 e6 5. e3 Nbd7 
6. Bd3 dxc4 7. Bxc4 b5 8. Bd3 a6 9. e4 c5 10. e5 cxd4 
11. Nxb5 axb5 12. exf6 gxf6 13. O-O Qb6 14. Qe2 b4 15. Rd1 Bc5 
16. Bf4 Bb7 17. Be4 Ba6 18. Qd2 Rd8 19. Bg3 f5 20. Bd3 Bb7 
21. Qe2 Kf8 22. Rac1 Rg8 23. Qd2 Bxf3 24. gxf3 Ne5 25. Qh6+ Ke8 
26. Qxh7 Kd7 27. Kf1 Rxg3 28. hxg3 Qc6 29. Qg7 Kd6 30. Be2 d3 
31. Bxd3 1-0

[Event "Skakligaen 2023-24"]
[Site "Denmark"]
[Date "2023.12.10"]
[Round "4.8"]
[Board "8"]
[White "Andreasen, Henrik"]
[Black "Jaksland, Tim"]
[Result "1/2-1/2"]
[WhiteElo "2192"]
[BlackElo "2063"]
[PlyCount "40"]
[WhiteTeam "Bronshoj"]
[BlackTeam "Hillerod"]
[WhiteTeamCountry "DEN"]
[BlackTeamCountry "DEN"]
[EventDate "2023.10.28"]
[EventType "team-tourn"]
[EventRounds "9"]
[EventCountry "DEN"]
[SourceTitle "Turneringssystemet"]
[Table "8"]

1. d4 Nf6 2. c4 e6 3. Nc3 Bb4 4. f3 c5 5. d5 b5 
6. e4 d6 7. a3 Ba5 8. Qb3 exd5 9. exd5 bxc4 10. Bxc4 O-O 
11. Nge2 Nbd7 12. O-O Rb8 13. Qd1 Ne5 14. Ba2 Ba6 15. Bb1 Re8 
16. Re1 Nh5 17. Ng3 Nxg3 18. hxg3 Qd7 19. Re4 c4 20. Bc2 Qc7 
1/2-1/2

[Event "Skakligaen 2023-24"]
[Site "Denmark"]
[Date "2023.12.10"]
[Round "4.2"]
[Board "2"]
[White "Smith, Axel"]
[Black "Sylvan, Jacob"]
[Result "1/2-1/2"]
[WhiteElo "2422"]
[BlackElo "2320"]
[PlyCount "67"]
[WhiteTeam "Koge"]
[BlackTeam "Nordkalotten"]
[WhiteTeamCountry "DEN"]
[BlackTeamCountry "DEN"]
[EventDate "2023.10.28"]
[EventType "team-tourn"]
[EventRounds "9"]
[EventCountry "DEN"]
[SourceTitle "Turneringssystemet"]
[Table "2"]

1. c4 e5 2. Nc3 Nf6 3. Nf3 Nc6 4. d4 exd4 5. Nxd4 Bb4 
6. g3 O-O 7. Bg2 Re8 8. O-O Ne5 9. Qc2 a5 10. Bg5 Be7 
11. Rad1 h6 12. Bf4 Bc5 13. Nb3 Bf8 14. e4 d6 15. Bxe5 Rxe5 
16. f4 Re8 17. e5 a4 18. Nc1 Nd7 19. exd6 cxd6 20. Nxa4 Nf6 
21. Nc3 Ng4 22. Nd5 Be6 23. h3 Bxd5 24. hxg4 Bxg2 25. Kxg2 Qc8 
26. Rd5 Qxg4 27. Qf5 Qxf5 28. Rxf5 Re4 29. b3 Rd4 30. Rb5 Rd2+ 
31. Rf2 Rd1 32. Rf1 Rd2+ 33. Rf2 Rd1 34. Rf1 1/2-1/2

[Event "Skakligaen 2023-24"]
[Site "Denmark"]
[Date "2023.12.10"]
[Round "4.3"]
[Board "3"]
[White "Hove, Esben Kjems"]
[Black "Meskenas, Paulius"]
[Result "1/2-1/2"]
[WhiteElo "2293"]
[BlackElo "2131"]
[PlyCount "84"]
[WhiteTeam "Nordkalotten"]
[BlackTeam "Koge"]
[WhiteTeamCountry "DEN"]
[BlackTeamCountry "DEN"]
[EventDate "2023.10.28"]
[EventType "team-tourn"]
[EventRounds "9"]
[EventCountry "DEN"]
[SourceTitle "Turneringssystemet"]
[Table "3"]

1. d4 Nf6 2. Nf3 g6 3. Bg5 Bg7 4. e3 d5 5. Nbd2 O-O 
6. Be2 Nbd7 7. O-O h6 8. Bh4 Re8 9. c4 c6 10. cxd5 cxd5 
11. Qb3 Qa5 12. Qb5 Qxb5 13. Bxb5 a6 14. Be2 e5 15. dxe5 Nxe5 
16. Nxe5 Rxe5 17. Nf3 Re8 18. Rfd1 Ne4 19. Nd4 g5 20. Bg3 Nxg3 
21. hxg3 Be6 22. Rd2 Rac8 23. Rad1 Bxd4 24. Rxd4 Rc2 25. R4d2 Rec8 
26. f4 g4 27. Kf2 f5 28. Bd3 Rxd2+ 29. Rxd2 Rc1 30. Rc2 Rxc2+ 
31. Bxc2 Kf7 32. Ke2 Ke7 33. Kd3 Kd6 34. Kd4 b5 35. Bd3 Bd7 
36. a4 b4 37. Bxa6 Bxa4 38. Bd3 Bd7 39. b3 Be6 40. Ba6 Bd7 
41. Bb7 Be6 42. Ba8 Bf7 1/2-1/2

[Event "Skakligaen 2023-24"]
[Site "Denmark"]
[Date "2023.12.10"]
[Round "4.4"]
[Board "4"]
[White "Nord, Alexander"]
[Black "Schmidt, Kristen"]
[Result "1-0"]
[WhiteElo "2197"]
[BlackElo "2275"]
[PlyCount "67"]
[WhiteTeam "Koge"]
[BlackTeam "Nordkalotten"]
[WhiteTeamCountry "DEN"]
[BlackTeamCountry "DEN"]
[EventDate "2023.10.28"]
[EventType "team-tourn"]
[EventRounds "9"]
[EventCountry "DEN"]
[SourceTitle "Turneringssystemet"]
[Table "4"]

1. d4 Nf6 2. Nf3 d6 3. g3 g6 4. Bg2 Bg7 5. O-O O-O 
6. b3 c5 7. Bb2 cxd4 8. Nxd4 Qb6 9. c4 Nc6 10. Nc2 Be6 
11. Nd2 Rfd8 12. e4 Nxe4 13. Bxg7 Nxd2 14. Qxd2 Kxg7 15. Rfe1 Re8 
16. h4 Qc5 17. Bxc6 Qxc6 18. Nd4 Qd7 19. Nxe6+ fxe6 20. Qd4+ Kg8 
21. Qg4 Rf8 22. Rxe6 Rf6 23. Rae1 Raf8 24. f4 h5 25. Qe2 Rxe6 
26. Qxe6+ Qxe6 27. Rxe6 Kf7 28. Re2 a6 29. Kf2 e5 30. Kf3 Ke6 
31. Ke4 exf4 32. gxf4 b5 33. Rg2 Rf6 34. Rxg6 1-0

[Event "Skakligaen 2023-24"]
[Site "Denmark"]
[Date "2023.12.10"]
[Round "4.5"]
[Board "5"]
[White "Kristensen, Kaare Hove"]
[Black "Pedersen, Henrik Dahl"]
[Result "1-0"]
[WhiteElo "2277"]
[BlackElo "2229"]
[PlyCount "95"]
[WhiteTeam "Nordkalotten"]
[BlackTeam "Koge"]
[WhiteTeamCountry "DEN"]
[BlackTeamCountry "DEN"]
[EventDate "2023.10.28"]
[EventType "team-tourn"]
[EventRounds "9"]
[EventCountry "DEN"]
[SourceTitle "Turneringssystemet"]
[Table "5"]

1. Nf3 d5 2. c4 e6 3. d4 Nf6 4. Nc3 dxc4 5. e3 a6 
6. a4 b6 7. Bxc4 Bb7 8. O-O Bb4 9. Qe2 O-O 10. Rd1 Qe7 
11. Ne5 Rd8 12. Nd3 Nc6 13. Nxb4 Nxb4 14. Bd2 c5 15. dxc5 bxc5 
16. Be1 Nfd5 17. Nxd5 exd5 18. Bxb4 dxc4 19. Bc3 Qg5 20. e4 Qg6 
21. f3 Qe6 22. Qe3 Qc6 23. Rxd8+ Rxd8 24. Bxg7 Rd3 25. Qg5 Qg6 
26. Qxg6 hxg6 27. Bf6 Bc6 28. Rc1 Rd6 29. Be5 Re6 30. Bf4 Bxa4 
31. Rxc4 Be8 32. Rxc5 f6 33. Bd2 Bc6 34. Bc3 Kf7 35. Kf2 g5 
36. g4 Bb5 37. h4 gxh4 38. Rh5 Kg6 39. Rxh4 Rc6 40. Rh5 Rd6 
41. f4 Rc6 42. Ke3 Ba4 43. f5+ Kf7 44. Rh7+ Kg8 45. Rh6 Kf7 
46. e5 fxe5 47. Rxc6 Bxc6 48. g5 1-0

[Event "Skakligaen 2023-24"]
[Site "Denmark"]
[Date "2023.12.10"]
[Round "4.6"]
[Board "6"]
[White "Henriksen, Kasper"]
[Black "Jakobsen, Peter"]
[Result "0-1"]
[WhiteElo "2123"]
[BlackElo "2164"]
[PlyCount "84"]
[WhiteTeam "Koge"]
[BlackTeam "Nordkalotten"]
[WhiteTeamCountry "DEN"]
[BlackTeamCountry "DEN"]
[EventDate "2023.10.28"]
[EventType "team-tourn"]
[EventRounds "9"]
[EventCountry "DEN"]
[SourceTitle "Turneringssystemet"]
[Table "6"]

1. d4 d5 2. c4 e6 3. Nc3 Nf6 4. cxd5 exd5 5. Bg5 c6 
6. Qc2 h6 7. Bh4 Be7 8. e3 O-O 9. Bd3 Re8 10. Nf3 Ne4 
11. Bxe7 Qxe7 12. Bxe4 dxe4 13. Ne5 Nd7 14. Nxd7 Bxd7 15. Ne2 Rad8 
16. Qc5 Be6 17. Qxe7 Rxe7 18. Kd2 f5 19. Rhc1 Kf7 20. b4 Rd6 
21. a4 a6 22. a5 Kf6 23. Nc3 g5 24. f3 exf3 25. gxf3 Bd5 
26. Nxd5+ cxd5 27. Re1 Rc7 28. Rac1 Rxc1 29. Rxc1 Rd7 30. Kd3 g4 
31. fxg4 fxg4 32. e4 dxe4+ 33. Kxe4 h5 34. Rf1+ Ke6 35. Rf8 Rh7 
36. d5+ Kd6 37. Rf6+ Kd7 38. d6 h4 39. Kf4 Rg7 40. Rh6 g3 
41. hxg3 hxg3 42. Rh1 Kxd6 0-1

[Event "Skakligaen 2023-24"]
[Site "Denmark"]
[Date "2023.12.10"]
[Round "4.7"]
[Board "7"]
[White "Nielsen, Lars Aaes"]
[Black "Larsen, Ulrik"]
[Result "1-0"]
[WhiteElo "2198"]
[BlackElo "1968"]
[PlyCount "73"]
[WhiteTeam "Nordkalotten"]
[BlackTeam "Koge"]
[WhiteTeamCountry "DEN"]
[BlackTeamCountry "DEN"]
[EventDate "2023.10.28"]
[EventType "team-tourn"]
[EventRounds "9"]
[EventCountry "DEN"]
[SourceTitle "Turneringssystemet"]
[Table "7"]

1. e4 e5 2. Nf3 Nc6 3. d4 exd4 4. Bc4 Nf6 5. Ng5 d5 
6. exd5 Qe7+ 7. Kf1 Ne5 8. Qxd4 h6 9. Ne4 Nxc4 10. Nxf6+ Qxf6 
11. Qxc4 Bd6 12. Nc3 O-O 13. Be3 Bf5 14. Rc1 Rfe8 15. Kg1 Qg6 
16. Ne2 Re4 17. Qb3 Rae8 18. Ng3 Rb4 19. Qc3 Rg4 20. f3 Rh4 
21. Bf2 Rb4 22. b3 a5 23. a3 Rf4 24. Qd2 b6 25. c4 h5 
26. b4 axb4 27. axb4 Bd3 28. c5 bxc5 29. bxc5 Be5 30. Rd1 Bc2 
31. Re1 Ra4 32. d6 cxd6 33. cxd6 h4 34. d7 Rd8 35. Rxe5 hxg3 
36. Re8+ Kh7 37. hxg3+ 1-0

[Event "Skakligaen 2023-24"]
[Site "Denmark"]
[Date "2023.12.10"]
[Round "4.8"]
[Board "8"]
[White "Larsen, Niels Georg"]
[Black "Ejsing, Esben"]
[Result "0-1"]
[WhiteElo "1961"]
[BlackElo "2067"]
[PlyCount "114"]
[WhiteTeam "Koge"]
[BlackTeam "Nordkalotten"]
[WhiteTeamCountry "DEN"]
[BlackTeamCountry "DEN"]
[EventDate "2023.10.28"]
[EventType "team-tourn"]
[EventRounds "9"]
[EventCountry "DEN"]
[SourceTitle "Turneringssystemet"]
[Table "8"]

1. Nf3 c5 2. g3 g6 3. Bg2 Bg7 4. O-O Nc6 5. e4 Nf6 
6. Nc3 d6 7. d3 Rb8 8. a4 a6 9. Ne2 O-O 10. c3 b5 
11. axb5 axb5 12. Bd2 c4 13. Ne1 d5 14. exd5 Nxd5 15. Nf4 Nxf4 
16. Bxf4 e5 17. Be3 Bb7 18. dxc4 bxc4 19. Nc2 Qc8 20. Qe2 Ne7 
21. Nb4 Bxg2 22. Kxg2 Re8 23. Rfd1 Nf5 24. Ra7 Rb7 25. f3 Bf8 
26. Rxb7 Qxb7 27. Nd5 Re6 28. Bf2 Nd6 29. Ne3 Qc6 30. Kg1 f5 
31. Nd5 Kf7 32. Qe3 Nb5 33. Qb6 Qd7 34. Qe3 Nc7 35. Nxc7 Qxd1+ 
36. Kg2 Rc6 37. Qxe5 Qd7 38. Nb5 Re6 39. Qc7 Qxc7 40. Nxc7 Re2 
41. Kf1 Rxb2 42. Nd5 Rd2 43. Bd4 Bg7 44. Bxg7 Rxd5 45. Bh8 Rd2 
46. h4 Ke6 47. Bg7 Kd5 48. Bf6 Kc6 49. Ke1 Ra2 50. Bg5 Kb5 
51. Bd2 Ka4 52. g4 Kb3 53. h5 Kc2 54. hxg6 hxg6 55. gxf5 gxf5 
56. Ke2 Ra8 57. Be1 Re8 0-1

[Event "Skakligaen 2023-24"]
[Site "Denmark"]
[Date "2023.12.10"]
[Round "4.1"]
[Board "1"]
[White "Ochsner, Bjorn Moller"]
[Black "Bjerre, Jonas Buhl"]
[Result "0-1"]
[WhiteElo "2517"]
[BlackElo "2638"]
[PlyCount "36"]
[WhiteTeam "AarhusSkolerne"]
[BlackTeam "Skanderborg"]
[WhiteTeamCountry "DEN"]
[BlackTeamCountry "DEN"]
[EventDate "2023.10.28"]
[EventType "team-tourn"]
[EventRounds "9"]
[EventCountry "DEN"]
[SourceTitle "Nicolai Brondt"]
[Table "1"]

1. e4 e5 2. Nf3 Nc6 3. Bc4 Bc5 4. O-O Nf6 5. d3 O-O 
6. a4 h6 7. Nbd2 a5 8. Re1 d6 9. c3 Ba7 10. Qb3 Ne7 
11. d4 Nc6 12. dxe5 Ng4 13. Re2 Ngxe5 14. Bd5 Bg4 15. Bxc6 bxc6 
16. c4 Bc5 17. Re1 Rb8 18. Qd1 f5 0-1

[Event "Skakligaen 2023-24"]
[Site "Denmark"]
[Date "2023.12.10"]
[Round "4.2"]
[Board "2"]
[White "Andersen, Mads"]
[Black "Sorensen, Jan"]
[Result "1/2-1/2"]
[WhiteElo "2618"]
[BlackElo "2380"]
[PlyCount "45"]
[WhiteTeam "Skanderborg"]
[BlackTeam "AarhusSkolerne"]
[WhiteTeamCountry "DEN"]
[BlackTeamCountry "DEN"]
[EventDate "2023.10.28"]
[EventType "team-tourn"]
[EventRounds "9"]
[EventCountry "DEN"]
[SourceTitle "Nicolai Brondt"]
[Table "2"]

1. e4 e6 2. d4 d5 3. e5 c5 4. c3 Nc6 5. Nf3 Qb6 
6. a3 Nge7 7. dxc5 Qc7 8. b4 a5 9. Bb2 Bd7 10. Nbd2 Nxe5 
11. c4 Nxf3+ 12. Nxf3 f6 13. Qb3 axb4 14. axb4 Rxa1+ 15. Bxa1 Qf4 
16. Qe3 Qxe3+ 17. fxe3 e5 18. Bc3 Be6 19. Nd2 Kd7 20. Be2 g6 
21. Kf2 Bh6 22. Rd1 Kc7 23. Nf1 1/2-1/2

[Event "Skakligaen 2023-24"]
[Site "Denmark"]
[Date "2023.12.10"]
[Round "4.3"]
[Board "3"]
[White "Skytte, Rasmus"]
[Black "Olsen, Filip Boe"]
[Result "1/2-1/2"]
[WhiteElo "2337"]
[BlackElo "2423"]
[PlyCount "27"]
[WhiteTeam "AarhusSkolerne"]
[BlackTeam "Skanderborg"]
[WhiteTeamCountry "DEN"]
[BlackTeamCountry "DEN"]
[EventDate "2023.10.28"]
[EventType "team-tourn"]
[EventRounds "9"]
[EventCountry "DEN"]
[SourceTitle "Nicolai Brondt"]
[Table "3"]

1. e4 c5 2. Nf3 d6 3. d4 cxd4 4. Nxd4 Nf6 5. f3 e5 
6. Nb3 Be6 7. c4 b5 8. Na3 bxc4 9. Nxc4 Be7 10. Bg5 O-O 
11. Bxf6 Bxf6 12. Qxd6 Qc8 13. Rc1 Bg5 14. Rc2 1/2-1/2

[Event "Skakligaen 2023-24"]
[Site "Denmark"]
[Date "2023.12.10"]
[Round "4.4"]
[Board "4"]
[White "Pajeken, Jakob Leon"]
[Black "Vinther Schou, Uffe"]
[Result "1/2-1/2"]
[WhiteElo "2428"]
[BlackElo "2347"]
[PlyCount "64"]
[WhiteTeam "Skanderborg"]
[BlackTeam "AarhusSkolerne"]
[WhiteTeamCountry "DEN"]
[BlackTeamCountry "DEN"]
[EventDate "2023.10.28"]
[EventType "team-tourn"]
[EventRounds "9"]
[EventCountry "DEN"]
[SourceTitle "Nicolai Brondt"]
[Table "4"]

1. e4 c5 2. Nf3 e6 3. d4 cxd4 4. Nxd4 a6 5. a3 Nf6 
6. Nc3 Qc7 7. f4 d6 8. Qf3 Be7 9. g4 Nc6 10. Nxc6 bxc6 
11. g5 Nd7 12. h4 h5 13. Be3 Rb8 14. O-O-O d5 15. Bd4 c5 
16. Bxg7 Rg8 17. exd5 Rxg7 18. dxe6 fxe6 19. Qxh5+ Rf7 20. f5 Qf4+ 
21. Kb1 Qxf5 22. Bd3 Qe5 23. Ka2 Bf6 24. Bg6 Rxb2+ 25. Kxb2 Qxc3+ 
26. Kc1 Qxa3+ 27. Kd2 Qc3+ 28. Ke2 Qe5+ 29. Kf1 Qf4+ 30. Ke2 Qe5+ 
31. Kf1 Qf4+ 32. Ke2 Qe5+ 1/2-1/2

[Event "Skakligaen 2023-24"]
[Site "Denmark"]
[Date "2023.12.10"]
[Round "4.5"]
[Board "5"]
[White "Baekgaard, Martin"]
[Black "Pedersen, Nicolai Vesterbaek"]
[Result "1/2-1/2"]
[WhiteElo "2255"]
[BlackElo "2340"]
[PlyCount "140"]
[WhiteTeam "AarhusSkolerne"]
[BlackTeam "Skanderborg"]
[WhiteTeamCountry "DEN"]
[BlackTeamCountry "DEN"]
[EventDate "2023.10.28"]
[EventType "team-tourn"]
[EventRounds "9"]
[EventCountry "DEN"]
[SourceTitle "Nicolai Brondt"]
[Table "5"]

1. d4 Nf6 2. c4 g6 3. Nc3 Bg7 4. e4 O-O 5. Be2 d6 
6. Nf3 e5 7. O-O Bg4 8. Be3 Bxf3 9. Bxf3 exd4 10. Bxd4 Nc6 
11. Be3 Re8 12. Re1 Nd7 13. Qd2 Bxc3 14. Qxc3 Qf6 15. Qd2 Nc5 
16. Bg5 Qd4 17. Qxd4 Nxd4 18. Rad1 Nxf3+ 19. gxf3 f5 20. Be3 Nd7 
21. Bd4 Kf7 22. Kg2 Re6 23. exf5 gxf5 24. Rxe6 Kxe6 25. Re1+ Kf7 
26. Kg3 Nf8 27. f4 Ne6 28. Be3 c6 29. Rd1 Ke7 30. Kf3 a6 
31. Rd3 Rd8 32. b3 d5 33. cxd5 cxd5 34. Bd4 Nxd4+ 35. Rxd4 Kd6 
36. Rd3 Rc8 37. Ke2 Rc2+ 38. Rd2 Rc1 39. Kd3 Kc5 40. Re2 Rd1+ 
41. Kc3 Rd4 42. Re7 Rxf4 43. Rc7+ Kb6 44. Rxh7 Rxf2 45. Kd4 Rxa2 
46. Kxd5 Rd2+ 47. Kc4 Rc2+ 48. Kd4 f4 49. Rf7 Rxh2 50. Rxf4 Rc2 
51. Rf5 a5 52. Rh5 Rc6 53. Rg5 Ka6 54. Rh5 b5 55. Rh8 a4 
56. bxa4 bxa4 57. Ra8+ Kb5 58. Rb8+ Ka5 59. Ra8+ Kb4 60. Rb8+ Ka3 
61. Kd3 Ka2 62. Kd2 a3 63. Kd1 Rh6 64. Kc1 Rh1+ 65. Kc2 Rh2+ 
66. Kc1 Rb2 67. Rh8 Rb4 68. Kc2 Rc4+ 69. Kd2 Kb3 70. Rb8+ Rb4 
1/2-1/2

[Event "Skakligaen 2023-24"]
[Site "Denmark"]
[Date "2023.12.10"]
[Round "4.6"]
[Board "6"]
[White "Boe, Mads"]
[Black "Pedersen, Finn"]
[Result "1-0"]
[WhiteElo "2277"]
[BlackElo "2270"]
[PlyCount "199"]
[WhiteTeam "Skanderborg"]
[BlackTeam "AarhusSkolerne"]
[WhiteTeamCountry "DEN"]
[BlackTeamCountry "DEN"]
[EventDate "2023.10.28"]
[EventType "team-tourn"]
[EventRounds "9"]
[EventCountry "DEN"]
[SourceTitle "Nicolai Brondt"]
[Table "6"]

1. d4 d5 2. Nf3 c6 3. Bf4 Nf6 4. e3 Bg4 5. c4 Nbd7 
6. Nc3 e6 7. Qb3 Bxf3 8. gxf3 Qb6 9. Bd3 Be7 10. h3 O-O 
11. O-O dxc4 12. Bxc4 Nd5 13. Bh2 Qxb3 14. Bxb3 Rfd8 15. Rfd1 Rac8 
16. Ne4 N7f6 17. Rac1 Nxe4 18. fxe4 Nf6 19. f3 Kf8 20. Kf2 Ke8 
21. Ke2 g6 22. Bg3 Nh5 23. Be1 c5 24. dxc5 Rxd1 25. Rxd1 Rxc5 
26. Bc3 a6 27. e5 Ng3+ 28. Kd3 Rc7 29. Be1 Rd7+ 30. Kc2 Nf5 
31. Rxd7 Kxd7 32. Kd3 Bc5 33. Bd2 Ne7 34. f4 Nc6 35. a3 Kc7 
36. Bd1 b5 37. Bf3 Ne7 38. Bg2 Nf5 39. Be4 Ng3 40. Bg2 Kb6 
41. Be1 Nf5 42. Bd2 a5 43. Bf3 a4 44. Bg2 Ne7 45. Bf3 Nc6 
46. Bd1 Kc7 47. Ke4 Ne7 48. Kd3 Kd7 49. Bc1 Nd5 50. b3 axb3 
51. Bxb3 Nb6 52. e4 Kc6 53. Bc2 Bg1 54. Bb3 Nd7 55. Bc2 g5 
56. fxg5 Nxe5+ 57. Ke2 Kc5 58. Bb3 Nc6 59. Kd3 Bd4 60. Bd2 Ne5+ 
61. Ke2 Bb2 62. Be3+ Bd4 63. Bd2 Bg1 64. Bc3 Nc4 65. Bb4+ Kd4 
66. h4 Bh2 67. a4 bxa4 68. Bxa4 Bd6 69. Be1 Bf4 70. Bc2 Ne5 
71. Bf2+ Kc3 72. Ba4 Nc4 73. Be8 Nd6 74. Bc6 Kc4 75. Kf3 Be5 
76. Kg4 Kd3 77. Kf3 Kc4 78. Be3 Kd3 79. Bc5 Nc4 80. Bb5 Kc3 
81. Be3 Nd6 82. Ba6 Ne8 83. h5 Ng7 84. h6 Ne8 85. Bb5 Nd6 
86. Be2 Bd4 87. Bf4 Nc4 88. Bd1 Be5 89. Be3 Nb2 90. Be2 Nd3 
91. Bf1 Bd4 92. Bf4 Nc5 93. Bb5 e5 94. Bg3 Ne6 95. Kg4 Kd2 
96. Be8 Be3 97. Bh4 Kd3 98. Bxf7 Nf8 99. Kf5 Kd4 100. Bg3 1-0

[Event "Skakligaen 2023-24"]
[Site "Denmark"]
[Date "2023.12.10"]
[Round "4.7"]
[Board "7"]
[White "Rendboe, John Filip"]
[Black "Brondt, Nicolai Kvist"]
[Result "1/2-1/2"]
[WhiteElo "2169"]
[BlackElo "2238"]
[PlyCount "51"]
[WhiteTeam "AarhusSkolerne"]
[BlackTeam "Skanderborg"]
[WhiteTeamCountry "DEN"]
[BlackTeamCountry "DEN"]
[EventDate "2023.10.28"]
[EventType "team-tourn"]
[EventRounds "9"]
[EventCountry "DEN"]
[SourceTitle "Nicolai Brondt"]
[Table "7"]

1. d4 d5 2. c4 e6 3. Nc3 Nf6 4. Nf3 c6 5. cxd5 exd5 
6. Bg5 h6 7. Bh4 Bf5 8. e3 Qb6 9. Qc1 Nbd7 10. Be2 Bd6 
11. O-O O-O 12. Bg3 Bxg3 13. hxg3 Rfe8 14. Rd1 Rac8 15. Nh4 Bh7 
16. g4 c5 17. Qd2 Qe6 18. dxc5 Nxc5 19. Nf3 Qxg4 20. Nxd5 Nxd5 
21. Qxd5 Be4 22. Qd2 Ne6 23. Ne1 Qg6 24. Bf3 Ng5 25. Bxe4 Nxe4 
26. Qe2 1/2-1/2

[Event "Skakligaen 2023-24"]
[Site "Denmark"]
[Date "2023.12.10"]
[Round "4.8"]
[Board "8"]
[White "Grove, Peter"]
[Black "Brandt, Andreas"]
[Result "1-0"]
[WhiteElo "2198"]
[BlackElo "1482"]
[PlyCount "49"]
[WhiteTeam "Skanderborg"]
[BlackTeam "AarhusSkolerne"]
[WhiteTeamCountry "DEN"]
[BlackTeamCountry "DEN"]
[EventDate "2023.10.28"]
[EventType "team-tourn"]
[EventRounds "9"]
[EventCountry "DEN"]
[SourceTitle "Nicolai Brondt"]
[Table "8"]

1. e4 c6 2. Nc3 d5 3. Nf3 dxe4 4. Nxe4 Nf6 5. Nxf6+ exf6 
6. d4 Bd6 7. Bd3 O-O 8. Be3 Bg4 9. Qd2 Nd7 10. O-O-O Nb6 
11. c4 Bc7 12. Qc2 h6 13. h3 Be6 14. g4 Qb8 15. Rdg1 Bf4 
16. h4 Re8 17. g5 fxg5 18. hxg5 hxg5 19. Nxg5 Bxg5 20. Rxg5 f6 
21. Bh7+ Kf8 22. Rxg7 Kxg7 23. Qg6+ Kf8 24. Qxf6+ Bf7 25. Bh6# 1-0

[Event "Skakligaen 2023-24"]
[Site "Denmark"]
[Date "2024.01.27"]
[Round "5.1"]
[Board "1"]
[White "Mikkelsen, Nikolaj"]
[Black "Ramsdal, Jens Albert"]
[Result "1/2-1/2"]
[WhiteElo "2481"]
[BlackElo "2416"]
[PlyCount "70"]
[WhiteTeam "BMS"]
[BlackTeam "SK1968"]
[EventDate "2023.10.28"]
[EventType "team-tourn"]
[EventRounds "9"]
[EventCountry "DEN"]
[SourceTitle "Live v. Kasper Jerwiarz"]
[Table "1"]

1. e4 e6 2. d4 d5 3. Nd2 c5 4. Ngf3 cxd4 5. Nxd4 Nc6 
6. Bb5 Bd7 7. Nxc6 bxc6 8. Bd3 Bd6 9. Qe2 e5 10. exd5 cxd5 
11. c4 Ne7 12. cxd5 Nxd5 13. Be4 Nf4 14. Qa6 Bc5 15. O-O Rb8 
16. Nb3 Bb6 17. Bxf4 exf4 18. Rad1 O-O 19. Bxh7+ Kxh7 20. Qd3+ Kg8 
21. Qxd7 Qf6 22. Qd6 Qxd6 23. Rxd6 Rfe8 24. Rd2 Rbd8 25. Rc2 Rd5 
26. Rfc1 Re6 27. Kf1 Rh5 28. h3 f3 29. Rc3 fxg2+ 30. Kxg2 Rg5+ 
31. Kf1 Rf6 32. Nc5 Rf4 33. a3 Rgf5 34. R1c2 Bxc5 35. Rxc5 Rxf2+ 
1/2-1/2

[Event "Skakligaen 2023-24"]
[Site "Denmark"]
[Date "2024.01.27"]
[Round "5.2"]
[Board "2"]
[White "Matthiesen, Arne"]
[Black "Haubro, Martin"]
[Result "1/2-1/2"]
[WhiteElo "2318"]
[BlackElo "2418"]
[PlyCount "96"]
[WhiteTeam "SK1968"]
[BlackTeam "BMS"]
[EventDate "2023.10.28"]
[EventType "team-tourn"]
[EventRounds "9"]
[EventCountry "DEN"]
[SourceTitle "Live v. Kasper Jerwiarz"]
[Table "2"]

1. d4 Nf6 2. Nf3 d5 3. c4 e6 4. Nc3 c6 5. g3 Nbd7 
6. Qd3 Bd6 7. Bg2 O-O 8. O-O Qe7 9. Rd1 dxc4 10. Qxc4 e5 
11. Bg5 h6 12. Bxf6 Nxf6 13. Nxe5 Bxe5 14. dxe5 Qxe5 15. Rd4 Be6 
16. Qd3 c5 17. Rd6 Ne8 18. Ra6 Qb8 19. Ra4 a6 20. Nd5 Ra7 
21. Ne7+ Kh8 22. Rf4 Nd6 23. Bd5 Bxd5 24. Qxd5 Qd8 25. Nf5 Nxf5 
26. Rxf5 b6 27. Rd1 Qe8 28. e3 Kg8 29. b3 a5 30. a4 Re7 
31. Rf4 Re6 32. Qb7 f6 33. Qd5 Rf7 34. h4 Rfe7 35. Rf5 Kh8 
36. Qd3 Re4 37. Rd5 Qg6 38. h5 Qg4 39. Rd8+ Re8 40. Kg2 Qe6 
41. Qb5 Rxd8 42. Rxd8+ Kh7 43. Qd3 c4 44. bxc4 Qxc4 45. Qb1 Qb4 
46. Qa2 Qc4 47. Qb1 Qb4 48. Qa2 Qc4 1/2-1/2

[Event "Skakligaen 2023-24"]
[Site "Denmark"]
[Date "2024.01.27"]
[Round "5.3"]
[Board "3"]
[White "Kistrup, Nicolai"]
[Black "Matthiesen, Martin"]
[Result "0-1"]
[WhiteElo "2337"]
[BlackElo "2286"]
[PlyCount "46"]
[WhiteTeam "BMS"]
[BlackTeam "SK1968"]
[EventDate "2023.10.28"]
[EventType "team-tourn"]
[EventRounds "9"]
[EventCountry "DEN"]
[SourceTitle "Live v. Kasper Jerwiarz"]
[Table "3"]

1. d4 Nf6 2. c4 e6 3. Nc3 d5 4. Bg5 Be7 5. Nf3 O-O 
6. e3 h6 7. Bxf6 Bxf6 8. Qc2 c5 9. dxc5 Qa5 10. Nd2 Qxc5 
11. Nb3 Qb4 12. cxd5 exd5 13. O-O-O Bg4 14. Rxd5 Rc8 15. Nd4 Nc6 
16. Rb5 Qe7 17. Nxc6 Rxc6 18. Kb1 Rac8 19. Be2 Rxc3 20. bxc3 Rxc3 
21. Qxc3 Bxc3 22. Bxg4 Qe4+ 23. Kc1 Qxg4 0-1